[Event "SVK-chT2D 2122"]
[Site "Slovakia"]
[Date "2022.03.27"]
[Round "9.5"]
[White "Dernar, Jan"]
[Black "Nemergut, Patrik"]
[Result "0-1"]
[WhiteElo "1744"]
[BlackElo "2020"]
[PlyCount "38"]
[EventDate "2021.10.16"]
[EventType "team-tourn"]
[EventRounds "11"]
[EventCountry "SVK"]
[SourceTitle "EXT 2023"]
[Source "ChessBase"]
[SourceDate "2022.10.05"]
[SourceVersion "1"]
[SourceVersionDate "2022.10.05"]
[SourceQuality "1"]
[WhiteTeam "Kosice Slavia TU IV"]
[BlackTeam "Kezmarok"]
[WhiteTeamCountry "SVK"]
[BlackTeamCountry "SVK"]

1. c4 Nf6 2. Nc3 g6 3. Nf3 Bg7 4. d4 0-0 5. Bg5 d6 6. e3 c6 7. Bd3 Qb6 8. Qc2 Nbd7 9. 0-0 e5 10. Na4 Qa5 11. Rab1 e4 12. Bxe4 Nxe4 13. Qxe4 Qxa4 14. Qd3 Re8 15. a3 Nf6 16. Nd2 Bf5 17. e4 Nxe4 18. b3 Qa5 19. b4 Nxg5 0-1

[Event "SVK-chT1E 2122"]
[Site "Slovakia"]
[Date "2022.03.20"]
[Round "7.6"]
[White "Dernar, Jan"]
[Black "Zatko, Gregor"]
[Result "0-1"]
[WhiteElo "1744"]
[BlackElo "2106"]
[PlyCount "76"]
[EventDate "2022.01.29"]
[EventType "team-tourn"]
[EventRounds "11"]
[EventCountry "SVK"]
[SourceTitle "EXT 2023"]
[Source "ChessBase"]
[SourceDate "2022.10.05"]
[SourceVersion "1"]
[SourceVersionDate "2022.10.05"]
[SourceQuality "1"]
[WhiteTeam "Kosice Slavia TU"]
[BlackTeam "Banska Bystrica Junior"]
[WhiteTeamCountry "SVK"]
[BlackTeamCountry "SVK"]

1. c4 e5 2. Nc3 g6 3. Nf3 Bg7 4. d4 d6 5. Bg5 f6 6. Bh4 Nd7 7. e3 Nh6 8. Qa4 0-0 9. d5 Nc5 10. Qc2 a5 11. Be2 Qe7 12. e4 g5 13. Bg3 f5 14. h3 Bd7 15. Nd2 fxe4 16. Ndxe4 Nxe4 17. Nxe4 Nf5 18. Bd3 Nd4 19. Qd2 h6 20. 0-0-0 c6 21. dxc6 bxc6 22. Nc3 a4 23. f3 Be6 24. Bf2 Qf7 25. Bxd4 exd4 26. Ne4 Be5 27. Qe2 Rfb8 28. a3 Rb3 29. Nd2 Rxd3 30. Qxd3 Bf5 31. Qe2 Bf4 32. b3 axb3 33. Kb2 d3 34. Qf2 Qg7+ 35. Kxb3 Rb8+ 36. Ka4 c5 37. Nb3 Qa7+ 38. Na5 Bd7# 0-1